000 00261nam a22001217a 4500
999 _c2627
_d2627
003 NUST
005 20170810163836.0
008 170810b xxu||||| |||| 00| 0 eng d
040 _cNUST
082 _a330.95491020
100 _aFederal Bureau of Statistics
_93895
245 _a50 Years of Pakistan
250 _aVol 1
260 _aKarachi
_bFBS
_c1998
300 _a222p
942 _cBK
_2ddc